• 首页
  • 本馆介绍
  • 公告通知
  • 最新文献
  • 馆藏检索
  • 电子资源
  • 读者导购
  • 参考咨询
  • 我的图书馆
  • 登录
  • 详细信息显示
  • 放入我的书架
  • 预约/预借图书
  • 作者相关作品
  • 分类相关作品
  • 丛书相关作品
  • 出版社相关作品

书目信息

  • 表格格式
  • 工作单格式
  • 卡片格式
题名:
中药学综合知识与技能
    
 
作者: 宋雨婷 主编
分册:  
出版信息: 北京   人民卫生出版社  2016
页数: 48页
开本: 26cm
丛书名:
单 册:
中图分类: R28-44 , R28
科图分类:
主题词: 中药学--资格考试--试题
电子资源:
ISBN: 978-7-117-22031-6
000 00852nam0 2200265 450
001 1672406946
005 20160705125501.0
010    @a978-7-117-22031-6@dCNY36.00
100    @a20160429d2016 em y0chiy0110 ea
101 0  @achi
102    @aCN@b110000
105    @ay zq 000yy
106    @ar
200 1  @a中药学综合知识与技能@9zhong yao xue zong he zhi shi yu ji neng@f宋雨婷主编
210    @a北京@c人民卫生出版社@d2016
215    @a48页@d26cm
300    @a2016国家执业药师资格考试终极模拟试卷 解析版
304    @a国家执业药师资格考试辅导用书编写组组织编写
330    @a本书收录了五套中药学综合知识与技能终极模拟试卷,并附有参考答案及解析。
606 0  @a中药学@x资格考试@j试题
690    @aR28-44@v5
690    @aR28@v4
701  0 @a宋雨婷@9song yu ting@c(女,@f1976~)@4主编
801  0 @aCN@b江苏新华@c201505117
905    @aBZT@dR28@e39
    
    中药学综合知识与技能/宋雨婷主编.-北京:人民卫生出版社,2016
    48页;26cm
    2016国家执业药师资格考试终极模拟试卷 解析版
    
    ISBN 978-7-117-22031-6:CNY36.00
    本书收录了五套中药学综合知识与技能终极模拟试卷,并附有参考答案及解析。
●
相关链接 在五车中查询图书 在当当中查询图书 在豆瓣中查询图书


正题名:中药学综合知识与技能     索取号:R28/39         预约/预借

序号 登录号 条形码 馆藏地/架位号 状态 备注
1 800321   2000800321   第二书库/ [索取号:R28/39] 在馆    
2 800322   2000800322   第二书库/ [索取号:R28/39] 在馆    
3 800323   2000800323   第二书库/ [索取号:R28/39] 在馆    
山东省滨州职业学院图书馆 欢迎您!
大连网信软件有限公司© 版权所有